000 00642nam a22002417a 4500
003 UA-OsUOA
001 134981
007 ta
008 20181219b un ||||| |||| 00| 0 ukr d
100 _aПролеев С. В.
090 _a101(3)
_bП80
942 _cBK
040 _aUA-OsUOA
_brus
_cUA-OsUOA
_dUA-OsUOA
245 _aАнтичный мир: философия, история, культура
300 _a472 с.
955 _a2
041 _arus
080 _a101(3)
020 _a5-87983-125-6
260 _aМ.
_bАкадем-Пресс
_c2000
650 7 _a1 Філософські науки
_2UDC
999 _c423505
_d423505